Two cheers for commonhold (Record no. 70095)

MARC details
000 -LEADER
fixed length control field 01753cam a2200241 4500
001 - CONTROL NUMBER
control field ABS65408
008 - FIXED-LENGTH DATA ELEMENTS--GENERAL INFORMATION
fixed length control field 020426n2002 000 0 eng u
035 ## - SYSTEM CONTROL NUMBER
System control number (Sirsi) u117711
100 ## - MAIN ENTRY--PERSONAL NAME
Personal name Roberts, N
245 ## - TITLE STATEMENT
Title Two cheers for commonhold
260 ## - PUBLICATION, DISTRIBUTION, ETC.
Date of publication, distribution, etc. 2002
490 ## - SERIES STATEMENT
Series statement New Law Journal
Volume/sequential designation 152(7022) 8 March 2002, 338-340(3)
520 ## - SUMMARY, ETC.
Summary, etc. Outlines the key provisions of the Commonhold and Leasehold Reform Bill, discussing the two distinct parts of the bill. Part 1 enacts commonhold tenure and may eventually replace the leasehold system for flats. Looks at the legislative history of commonhold and illustrates how a commonhold block of flats differs from a leasehold development. Commonhold is defined as a freehold with certain characteristics: owners of 'commonhold units' automatically become members of the 'commonhold association' (ChA) which will own the common parts; a 'Commonhold Community Statement' (CCS) regulates the units; and the ChA will decide the total 'commonhold assessment', the new service charge. Investigates each of these characteristics and explores how commonhold disputes will get resolved. Part 2 of the bill proposes substantial leasehold reforms in the meantime. Outlines proposals for the reform of collective enfranchisement, lease extensions, enfranchisement of leasehold houses, right to manage, services charges, variation of leases, the role of Leasehold Valuation Tribunals (LVTs) and forefeiture.
590 ## - LOCAL NOTE (RLIN)
Local note ABS
650 ## - SUBJECT ADDED ENTRY--TOPICAL TERM
Topical term or geographic name entry element COMMONHOLD AND LEASEHOLD REFORM BILL
650 ## - SUBJECT ADDED ENTRY--TOPICAL TERM
Topical term or geographic name entry element LEASEHOLD REFORM
650 ## - SUBJECT ADDED ENTRY--TOPICAL TERM
Topical term or geographic name entry element COMMONHOLD
650 ## - SUBJECT ADDED ENTRY--TOPICAL TERM
Topical term or geographic name entry element ENFRANCHISEMENT
650 ## - SUBJECT ADDED ENTRY--TOPICAL TERM
Topical term or geographic name entry element SERVICE CHARGES
650 ## - SUBJECT ADDED ENTRY--TOPICAL TERM
Topical term or geographic name entry element LEASEHOLD VALUATION TRIBUNALS
690 ## - LOCAL SUBJECT ADDED ENTRY--TOPICAL TERM (OCLC, RLIN)
Topical term or geographic name as entry element LANDLORD AND TENANT-LEASEHOLD REFORM
942 ## - ADDED ENTRY ELEMENTS (KOHA)
Suppress in OPAC 0
Holdings
Withdrawn status Lost status Source of classification or shelving scheme Damaged status Not for loan Home library Current library Shelving location Date acquired Total Checkouts Full call number Barcode Date last seen Copy number Price effective from Koha item type
    Dewey Decimal Classification     London London Journal article 26/04/2002   ABS65408 117711-1001 06/08/2019 1 06/08/2019 Journal article